000 00913 a2200241 4500
003 Nust
005 20170207153117.0
010 _a 93086410
020 _a067230399X :
040 _cNust
082 0 0 _a005.133
100 1 _aLafore, Robert
245 1 4 _aThe Waite Group's Object- oriented programming in C++
_cRobert Lafore.
250 _a ed.
260 _aIndianapolis, IN :
_bSams Pub.,
_cc1993.
300 _axxxi, 863 p. :
_bill. ;
_c23 cm. +
_e1 computer disk (3 1/2 in.)
500 _aIncludes index.
500 _aSystem requirements for computer disk: IBM-compatible PC with 80286 microprocessor; 2MB RAM; MS-DOS 3.31 or greater; Turbo C++ for DOS or Borland C++; hard disk with 500K free space; VGA graphics recommended; mouse optional.
650 0 _aC (Computer program language)
650 0 _aC++ (Computer program language)
710 2 _aWaite Group.
740 0 _aC programming using Turbo C++.
942 _2ddc
_cBK
999 _c179314
_d179314